000 01531cam a22003614a 4500
001 6862344
003 ARRUPE
005 20150910161020.0
008 071029s2008 ncu b 001 0 eng
010 _a 2007044861
015 _aGBA854477
_2bnb
016 7 _a014584051
_2Uk
020 _a9780822341833 (cloth : alk. paper)
020 _a0822341832 (cloth : alk. paper)
020 _a9780822342007 (pbk. : alk. paper)
020 _a0822342006 (pbk. : alk. paper)
035 _a(OCoLC)ocn179838897
035 _a(OCoLC)179838897
035 _a(NNC)6862344
040 _aDLC
_cDLC
_dBTCTA
_dBAKER
_dYDXCP
_dUKM
_dC#P
_dBWX
_dIXA
_dOrLoB-B
050 0 0 _aQ175
_b.R5655 2008
082 0 0 _a501
_222
100 1 _aRotman, B.
_q(Brian)
_919802
245 1 0 _aBecoming beside ourselves :
_bthe alphabet, ghosts, and distributed human being /
_cBrian Rotman ; foreword by Timothy Lenoir.
260 _aDurham :
_bDuke University Press,
_c2008.
300 _axxxiv, 176 p. ;
_c24 cm.
504 _aIncludes bibliographical references (p. [151]-161) and index.
505 0 0 _tForeword: Machinic Bodies, Ghosts, and Para-Selves: Confronting the Singularity with Brian Rotman /
_rTimothy Lenoir --
_gIntroduction.
_tLettered Selves and Beyond --
_g1.
_tThe Alphabetic Body --
_g2.
_tGesture and Non-Alphabetic Writing --
_g3.
_tTechnologized Mathematics --
_g4.
_tParallel Selves --
_g5.
_tGhost Effects.
650 0 _aScience
_xPhilosophy.
_919803
900 _bTOC
942 _2lcc
_cMONOGRAPH
948 1 _a20080819
_bc
_cvt2130
_dMPS
999 _c123395
_d123395